Najbardziej Liberalne Gospodarki Świata - Statystyki

Ogólne statystyki
  • Ten quiz został rozwiązany 119 razy
  • Średni wynik to 12 z 20
Statystyki odpowiedzi
Zmiana Kraj % Poprawnych
-0.2 Stany Zjednoczone
93%
+0.5 Kanada
84%
-0.3 Szwecja
79%
+1.7 Australia
77%
+0.2 Holandia
71%
-0.3 Nowa Zelandia
71%
+0.8 Finlandia
68%
+0.1 Szwajcaria
68%
+1.6 Dania
66%
+0.4 Wielka Brytania
66%
0.0 Islandia
63%
0.0 Singapur
63%
-0.1 Luksemburg
61%
+0.4 Irlandia
60%
+1.1 Estonia
57%
+2.5 Litwa
53%
-1.4 Zjednoczone Emiraty Arabskie
43%
+1.4 Chile
38%
+1.2 Gruzja
11%
+1.9 Mauritius
9%
Nie znaleziono quizów pasujących do podanych kryteriów
Rozkład punktacji
Procent ludzi z każdym wynikiem
Percentyl według liczby udzielonych odpowiedzi
Twoja historia wyników
Nie rozwiązałeś tego quizu